000 004330000a22001570004500
090 _aAR
_b01811
245 1 0 _aReproduction in neotropical bats
650 1 4 _aReproducción animal
_987770
650 1 4 _aUso del hábitat
_93825
650 1 4 _aDieta
_916312
650 1 4 _aMurciélagos neotropicales
_995266
041 0 _aInglés
100 1 _aDon E., Wilson
_913573
942 _cARTICULO
773 1 _tPeriod. Biol.
_3613
_q215-217
_d1993
_g75
999 _c10888
_d10888